[Event "Hoogovens"]
[Site "Wijk aan Zee"]
[Date "1975.??.??"]
[Round "1"]
[White "Hort, Vlastimil"]
[Black "Geller, Efim P"]
[Result "1/2-1/2"]
[WhiteElo "2600"]
[BlackElo "2600"]

1.d4 Nf6 2.c4 e6 3.Nc3 Bb4 4.e3 O-O 5.Nf3 c5 6.d5 b5 7.dxe6 fxe6 8.cxb5 a6
9.a3 axb5 10.Bd2 Bxc3 11.Bxc3 Ne4 12.Bxb5 Nxc3 13.bxc3 Qa5 14.Qb3 Ba6 15.Bxa6 Qxa6
16.c4 Nc6 17.O-O Na5 18.Qa4 Ra7 19.Rac1 Nc6 20.Qxa6 Rxa6 21.Rfd1 Rd8 22.Rc3 Kf8
23.Ng5 h6 24.Ne4 Ra5 25.f4 Ke7 26.Rb1 Rb8 27.Rxb8 Nxb8 28.Rb3 Nc6 29.Kf2 d5
30.Rb7+ Kd8 31.cxd5 exd5 32.Nc3 d4 33.exd4 Rxa3 34.Ne4 Ra2+ 35.Kg3 cxd4 36.Rxg7 d3
37.Rg6 Kc7 38.Rxh6 Nd4 39.Rh5 d2 40.Nxd2 Rxd2 41.h4 Kd6 42.Rg5 Ke6 43.h5 Kf6
44.Kh3 Rd3+ 45.Kh2 Rd2 46.Rg6+ Kf7 47.Kh3 Ra2 48.Rg5 Kf6  1/2-1/2

[Event "Hoogovens"]
[Site "Wijk aan Zee"]
[Date "1975.??.??"]
[Round "1"]
[White "Smejkal, Jan"]
[Black "Gligoric, Svetozar"]
[Result "1/2-1/2"]
[WhiteElo "2600"]
[BlackElo "2575"]

1.e4 e5 2.Nf3 Nc6 3.Bb5 a6 4.Bxc6 dxc6 5.O-O f6 6.d4 Bg4 7.dxe5 Qxd1 8.Rxd1 fxe5
9.Rd3 Bd6 10.Nbd2 Nf6 11.Nc4 Nxe4 12.Nfxe5 Be6 13.f3 Bxe5 14.Nxe5 Nd6 15.Bg5 Bf5
16.Rd2 h6 17.Bh4 g5 18.Bf2 O-O 19.Re1 Rae8 20.Rde2 Re6 21.Nd3 Rxe2 22.Rxe2 Bxd3
23.cxd3 Kf7 24.h4 Nf5 25.hxg5 hxg5 26.g4 Ng7 27.Re5 Ne6 28.Rf5+ Kg6 29.Rxf8 Nxf8
30.Bg3 Ne6 31.Kf2 Kf6 32.Ke3 c5 33.Ke4 c6 34.Be5+ Kg6 35.Bd6 b6 36.Be5 b5
37.Bc3 Nf4 38.Bd2 Ne6 39.Bc1 a5 40.b3 a4 41.bxa4 bxa4 42.Be3 Kf6 43.a3 Nc7
44.Bxc5 Nb5 45.Bb4 Ke6 46.d4 Nc7 47.Bd2 Nb5 48.Bb4 Nc7 49.Bd2 Nb5 50.Bc1 Kd6
51.f4 gxf4 52.Bxf4+ Ke6 53.Bc1 Nd6+ 54.Kd3 Kd5 55.g5 Nf5 56.Kc3 Nxd4 57.g6 Ne6
58.Kb4 Ke5 59.Bb2+ Kf5 60.g7 Nxg7 61.Bxg7 Ke6 62.Kc5 Kd7 63.Be5 Ke6 64.Bh2 Kd7
65.Bg3 Kc8 66.Kxc6 Kd8 67.Kb7 Kd7 68.Bc7 Ke8 69.Kc6 Ke7 70.Bb6 Ke8 71.Kd6 Kf7
72.Bd8 Ke8 73.Be7 Kf7 74.Kd7 Kg8 75.Ke6 Kg7 76.Bd6 Kg8 77.Kf6 Kh7 78.Kf7 Kh8
79.Be5+ Kh7 80.Bf6 Kh6 81.Kg8 Kg6 82.Bg7 Kf5 83.Kf7 Kg5 84.Bf8 Kf5 85.Bb4 Ke5
86.Ke7 Kf5 87.Bc3 Kg6 88.Kf8 Kh7 89.Bg7 Kg6 90.Kg8 Kf5 91.Kf7 Kg5 92.Ke6 Kg6
93.Be5  1/2-1/2

[Event "Hoogovens"]
[Site "Wijk aan Zee"]
[Date "1975.??.??"]
[Round "8"]
[White "Sosonko, Gennadi"]
[Black "Smejkal, Jan"]
[Result "1/2-1/2"]
[WhiteElo "2470"]
[BlackElo "2600"]

1.d4 Nf6 2.c4 g6 3.Nc3 d5 4.Nf3 Bg7 5.Qb3 dxc4 6.Qxc4 O-O 7.e4 Bg4 8.Be3 Nbd7
9.O-O-O Nb6 10.Qc5 e5 11.d5 Nfd7 12.Qa3 Nc8 13.Kb1 Nd6 14.Rc1 f5 15.h3 Bxf3
16.gxf3 a6 17.h4 f4 18.Bc5 Nxc5 19.Qxc5 h5 20.Bh3 Bf6 21.Be6+ Kg7  1/2-1/2

[Event "Hoogovens"]
[Site "Wijk aan Zee"]
[Date "1975.??.??"]
[Round "10"]
[White "Sosonko, Gennadi"]
[Black "Timman, Jan H"]
[Result "1-0"]
[WhiteElo "2470"]
[BlackElo "2510"]

1.d4 Nf6 2.c4 c5 3.d5 e6 4.Nc3 exd5 5.cxd5 d6 6.Nf3 g6 7.Bf4 a6 8.a4 Bg7
9.e4 O-O 10.Nd2 Qe7 11.Be2 Nbd7 12.O-O Ne5 13.h3 h6 14.Bh2 g5 15.f4 gxf4
16.Bxf4 Nh7 17.Nc4 Nxc4 18.Bxc4 Ng5 19.Qh5 Bd7 20.Rae1 b5 21.axb5 axb5 22.Nxb5 Bxb5
23.Bxb5 Rab8 24.Bd3 Rb4 25.h4 Nxe4 26.Rxe4 Rxe4 27.Bxe4 Qxe4 28.Bxd6 Rd8
29.Qxf7+ Kh8 30.Bxc5 Rxd5 31.Bf2 Rf5 32.Qg6 Qf4 33.b3 Rf8 34.Qg3 Qf7 35.Qd3 Rb8
36.Bd4 Bxd4+ 37.Qxd4+ Qg7 38.Rf6 Kh7 39.Qe4+ Kh8 40.Qe5  1-0

[Event "Hoogovens"]
[Site "Wijk aan Zee"]
[Date "1975.??.??"]
[Round "11"]
[White "Langeweg, Kick"]
[Black "Donner, Jan Hein"]
[Result "1-0"]
[WhiteElo "2410"]
[BlackElo "2485"]

1.Nf3 d5 2.c4 c6 3.d4 Nf6 4.cxd5 cxd5 5.Nc3 Nc6 6.Bf4 e6 7.e3 Be7 8.Bd3 O-O
9.O-O Bd7 10.h3 Qb6 11.a3 Rfc8 12.Na4 Qd8 13.b4 a5 14.b5 Na7 15.Ne5 Be8 16.Bg5 b6
17.Qb3 h6 18.Bh4 g5 19.Bg3 Ne4 20.Ra2 f6 21.Bxe4 fxe5 22.Bxe5 Nxb5 23.Bb1 Ra7
24.e4 Bf6 25.Rd2 Rc4 26.exd5 exd5 27.Nb2 Rc3 28.Bxf6 Qxf6 29.Qxd5+ Qf7 30.Qd8 Rd7
31.Qxb6 Rd6 32.Qb8 Qe7 33.Ba2+ Kg7 34.Nc4 Rd8 35.Qb6 a4 36.Ne3 Qd7 37.Nf5+ Qxf5
38.Qxd8 Qf8 39.Re1 Bf7 40.Qd7  1-0

[Event "Hoogovens"]
[Site "Wijk aan Zee"]
[Date "1975.??.??"]
[Round "12"]
[White "Sosonko, Gennadi"]
[Black "Geller, Efim P"]
[Result "0-1"]
[WhiteElo "2470"]
[BlackElo "2600"]

1.d4 Nf6 2.Nf3 g6 3.g3 Bg7 4.Bg2 O-O 5.O-O d6 6.Nc3 Nbd7 7.a4 a5 8.e4 c6
9.e5 Ne8 10.Bf4 dxe5 11.dxe5 Nc7 12.Qc1 Ne6 13.Bh6 Qb6 14.Bxg7 Kxg7 15.Re1 Ndc5
16.Ne4 Rd8 17.Qe3 Qb4 18.Nxc5 Qxc5 19.c3 Qxe3 20.Rxe3 Nc5 21.Nd4 Be6 22.Nxe6+ Nxe6
23.b4 Rd2 24.Bh3 Nc7 25.Bg2 axb4 26.cxb4 Rb2 27.Rd3 Rxb4 28.Rd7 Ne6 29.Rxe7 Rd8  0-1

[Event "Hoogovens"]
[Site "Wijk aan Zee"]
[Date "1975.??.??"]
[Round "13"]
[White "Huebner, Robert"]
[Black "Kuijpers, Franciscus Antonius"]
[Result "1-0"]
[WhiteElo "2615"]
[BlackElo "2445"]

1.e4 c5 2.Nf3 e6 3.d4 cxd4 4.Nxd4 Nf6 5.Nc3 d6 6.g4 a6 7.g5 Nfd7 8.Be3 Nc6
9.h4 Nde5 10.Nb3 Na5 11.Nxa5 Qxa5 12.f4 Nc6 13.Qd2 b5 14.Bg2 Bd7 15.Qf2 Rb8
16.O-O Be7 17.a3 h6 18.Ne2 Bd8 19.Rfd1 Qc7 20.Rd3 hxg5 21.hxg5 a5 22.b3 Be7
23.c3 Qb7 24.Rad1 Rc8 25.c4 bxc4 26.bxc4 Qb2 27.c5 d5 28.exd5 exd5 29.Bxd5 Bg4
30.Bxc6+  1-0

[Event "Hoogovens"]
[Site "Wijk aan Zee"]
[Date "1975.??.??"]
[Round "14"]
[White "Smejkal, Jan"]
[Black "Langeweg, Kick"]
[Result "1-0"]
[WhiteElo "2600"]
[BlackElo "2410"]

1.c4 Nf6 2.Nf3 e6 3.d4 d5 4.Bg5 Bb4+ 5.Nc3 h6 6.Bxf6 Qxf6 7.cxd5 exd5 8.Qa4+ Nc6
9.e3 O-O 10.Be2 a6 11.O-O Be6 12.Rfc1 Bd6 13.Qd1 Ne7 14.Na4 b6 15.a3 Bc8
16.b4 Bb7 17.Nc5 Bc8 18.Nd3 Ng6 19.Rc3 Bf5 20.Rac1 Rfe8 21.g3 Bg4 22.Nde1 Qf5
23.Nh4 Bxe2 24.Nxf5 Bxd1 25.Nxd6 cxd6 26.Rxd1 Rec8 27.Rdc1 Ne7 28.Rc7 Kf8
29.Nd3 Ke8 30.Nf4 Kd8 31.Rxc8+ Rxc8 32.Rxc8+ Kxc8 33.Nh5 g6 34.Nf6 b5 35.Kf1 Kc7
36.g4 Kc6 37.h4 Kb6 38.Ke1 a5 39.Kd1 axb4 40.axb4 Kc6 41.Ke2 Kc7 42.Kf3 Kc6
43.h5 gxh5 44.gxh5 Kc7 45.Kf4 Kc6 46.Ng4 Ng8 47.Nxh6  1-0

[Event "Hoogovens"]
[Site "Wijk aan Zee"]
[Date "1975.??.??"]
[Round "14"]
[White "Portisch, Lajos"]
[Black "Geller, Efim P"]
[Result "1/2-1/2"]
[WhiteElo "2635"]
[BlackElo "2600"]

1.c4 g6 2.d4 Bg7 3.Nf3 d6 4.g3 c5 5.d5 Nf6 6.Bg2 b5 7.cxb5 Qa5+ 8.Nfd2 Qxb5
9.O-O Ba6 10.Re1 Nbd7 11.Na3 Qb4 12.Nc2 Qa5 13.Ne3 O-O 14.Ndc4 Qc7 15.Bd2 Rfb8
16.Rc1 Bc8 17.Ba5 Nb6 18.b4 Nfd7 19.a3 Ba6 20.Nd2 Qb7 21.Ne4 cxb4 22.axb4 Rc8
23.Qd2 Bb5 24.Nc3 Bxc3 25.Rxc3 Rxc3 26.Qxc3 Rc8 27.Qa1 Nc4 28.Nxc4 Rxc4 29.Rc1 Qc8
30.Rxc4 Qxc4 31.e4  1/2-1/2